000 00681nam a2200241Ia 4500
003 OSt
005 20220918164920.0
006 a|||||r|||| 00| 0
007 ta
008 220917b |||||||| |||| 00| 0 eng d
020 _a0813388104 (pbk)
024 _a41,730
037 _cTextual
040 _aARTS
_cARTS
_beng
041 _2eng
_aeng
082 _aV2,4N80, N4
245 0 _aHindu nationalists in India
_b the rise of the Bharatiya Janata Party edited by Yogendra K Malik and V B Singh
260 _aBoulder
_bWestvies Press
_c1994
300 _ax,262p.
_ccm.
650 _aHISTORY
942 _hV2,4N80, N4
_cTEXL
_2CC
999 _c127388
_d127388